Priebežný fixačný stroj PFS-600 A.

Uložené v:
Podrobná bibliografia
Médium: Firemný prospekt
Jazyk:Slovak
Vydané: [S.l.] : [s.n.], [1988].
Témy:
Fyzický popis: 1 list.
Tagy: Pridať tag
Žiadne tagy, Buďte prvý kto otaguje tento záznam!

MARC

LEADER 00000nam a2200000 a 4500
001 000734708
005 20250729113416.0
008 250729s1988 xo e |||0 0 slo d
040 |a SVKKK  |b slo  |c SVKKK  |e AACR2 
041 0 |a slo 
044 |a xo  |c SK 
072 7 |a 687  |x Odevný priemysel. Kozmetika. Kaderníctvo. Starostlivosť o vzhľad  |2 konspekt 
080 |a 687.05  |2 2011 
080 |a (085.5)  |2 2011 
110 2 |a Ústav mechanizácie odevnej výroby  |c 912 50 Trenčín  |4 mfr 
245 1 0 |a Priebežný fixačný stroj PFS-600 A. 
260 |a [S.l.] :  |b [s.n.],  |c [1988]. 
300 |a 1 list. 
650 0 7 |a odevné stroje  |2 SVKKKPH 
650 0 7 |a clothing machines  |2 SVKKKPHeng 
655 7 |a prospekty  |2 SVKKKPH 
655 7 |a prospects  |2 SVKKKPHeng 
910 |a svkkk 
998 |a FL 
090 |g SCKHL  |k Sklad Pribinova suterén  |a 687  |j 150104  |i 2721152653  |s Firemná-2týždne